[Event "VIE-ch U11"]
[Site "Hai Phong"]
[Date "2018.07.09"]
[Round "4"]
[White "Nguyen, Dai Hong Phu"]
[Black "Nguyen, Quang Dung"]
[Result "1/2-1/2"]
[WhiteElo "1873"]
[BlackElo "1889"]
[PlyCount "70"]
[EventDate "2018.07.07"]
[EventType "swiss"]
[EventRounds "9"]
[EventCountry "VIE"]
[SourceTitle "EXT 2019"]
[Source "ChessBase"]
[SourceDate "2018.10.10"]
[SourceVersion "1"]
[SourceVersionDate "2018.10.10"]
[SourceQuality "1"]

1. e4 e5 2. Nf3 Nc6 3. Bc4 Bc5 4. d3 h6 5. Nc3 Nf6 6. h3 d6 7. Be3 Bb6 8. Qd2 Be6 9. Bb3 Nd4 10. Bxd4 exd4 11. Ne2 c5 12. Nf4 Bxb3 13. axb3 Bc7 14. Ne2 0-0 15. 0-0 Re8 16. Ng3 d5 17. exd5 Nxd5 18. Ne4 Bf4 19. Qd1 b6 20. g3 Bc7 21. Kg2 Nf6 22. Nfd2 Nxe4 23. Nxe4 Qd5 24. Qf3 Qd8 25. Rfe1 a5 26. h4 Rf8 27. Nd2 f5 28. Rf1 f4 29. Qg4 fxg3 30. fxg3 Qd6 31. Ne4 Qe7 32. Rae1 Rxf1 33. Rxf1 Rf8 34. Rxf8+ Qxf8 35. Qd7 Qd8 1/2-1/2

[Event "VIE-ch U11"]
[Site "Hai Phong"]
[Date "2018.07.07"]
[Round "1"]
[White "Le, Quy Tai"]
[Black "Nguyen, Dai Hong Phu"]
[Result "1-0"]
[WhiteElo "1899"]
[BlackElo "1873"]
[PlyCount "80"]
[EventDate "2018.07.07"]
[EventType "swiss"]
[EventRounds "9"]
[EventCountry "VIE"]
[SourceTitle "EXT 2019"]
[Source "ChessBase"]
[SourceDate "2018.10.10"]
[SourceVersion "1"]
[SourceVersionDate "2018.10.10"]
[SourceQuality "1"]

1. e4 e5 2. Nf3 Nc6 3. Bc4 Bc5 4. d3 h6 5. Nc3 Nf6 6. Be3 Bb6 7. 0-0 d6 8. h3 Be6 9. Bb3 0-0 10. d4 exd4 11. Nxd4 Bxd4 12. Bxd4 Re8 13. Re1 a6 14. Qd2 Bxb3 15. axb3 Ne5 16. Rad1 c6 17. Qf4 Nh5 18. Qe3 Qe7 19. Bxe5 Qxe5 20. Qd4 Qxd4 21. Rxd4 Rad8 22. Red1 Re6 23. Na4 Nf4 24. Kf1 d5 25. Nc5 Re7 26. g3 Nxh3 27. exd5 cxd5 28. Rxd5 Rxd5 29. Rxd5 Ng5 30. c3 Kh7 31. Rd6 Rc7 32. b4 Nf3 33. Ke2 Ne5 34. Rb6 Nc4 35. Rxb7 Rxb7 36. Nxb7 Nxb2 37. Nc5 g5 38. Nxa6 h5 39. Nc7 Kg6 40. Nd5 Kf5 1-0

[Event "VIE-ch U11"]
[Site "Hai Phong"]
[Date "2018.07.07"]
[Round "2"]
[White "Nguyen, Dai Hong Phu"]
[Black "Ho, Viet Anh"]
[Result "1/2-1/2"]
[WhiteElo "1873"]
[BlackElo "1885"]
[PlyCount "66"]
[EventDate "2018.07.07"]
[EventType "swiss"]
[EventRounds "9"]
[EventCountry "VIE"]
[SourceTitle "EXT 2019"]
[Source "ChessBase"]
[SourceDate "2018.10.10"]
[SourceVersion "1"]
[SourceVersionDate "2018.10.10"]
[SourceQuality "1"]

1. e4 e5 2. Nf3 Nc6 3. Bc4 Bc5 4. d3 h6 5. Nc3 d6 6. h3 Nf6 7. Be3 Bb6 8. Qd2 Be6 9. Bb3 Qd7 10. Ba4 0-0 11. 0-0 Bxe3 12. fxe3 a6 13. d4 b5 14. Bb3 Bxb3 15. axb3 Rfd8 16. d5 Ne7 17. b4 Ng6 18. Qf2 c6 19. Nd2 Ra7 20. Nb3 Rc7 21. Na5 c5 22. Nc6 Ra8 23. bxc5 dxc5 24. Qf5 Qd6 25. Rad1 Re8 26. Rd2 Rcc8 27. Rfd1 Kf8 28. Ne2 Rc7 29. Ng3 Kg8 30. Nh5 Nxh5 31. Qxh5 Kf8 32. Qf5 Kg8 33. Ra1 Ra8 1/2-1/2